| 000 | 00569pam a2200193 a 4500 | ||
|---|---|---|---|
| 020 | _a0070067724 : | ||
| 082 | 0 | 0 |
_a624.15136 _bBOW _cL-, P- |
| 100 | 1 |
_aBowles, Joseph E. _938582 |
|
| 245 | 1 | 0 |
_aPhysical and geotechnical properties of soils / _cJoseph E. Bowles. |
| 250 | _a2nd ed. | ||
| 260 |
_aNew York : _bMcGraw-Hill, _cc1984. |
||
| 300 |
_axii, 578 p. : _bill. ; _c25 cm. |
||
| 500 | _aIncludes indexes. | ||
| 526 |
_a0 _b0 _c0 _d624_151360000000000_BOW |
||
| 650 | 0 |
_aMCE _9379 |
|
| 650 | 0 | _aSoil mechanics. | |
| 650 | 0 |
_aSoil physics. _942478 |
|
| 942 |
_2ddc _cBK |
||
| 999 |
_c546359 _d546359 |
||